Culture Générale - Série 1839 - Statistiques

Statistiques générales
  • Ce quiz a été pris 88 fois
  • Le résultat moyen est 3 sur 10
Statistiques - réponses
Question Réponse % Correct
Quel animal est une "équille" ? poisson
62%
Qu'est-ce qu'un "agaric" ? champignon
57%
Dans quelle ville française de la région Grand Est peut-on visiter la Cité de l'automobile ? Mulhouse
54%
A quel pays appartient l'archipel inhabité des îles glorieuses, situé dans l'Océan Indien ? France
39%
Dans quel département français se trouve la sous-préfecture de Thann ? Haut-Rhin
35%
Quel écrivain (1804-1857) est l'auteur du "Juif errant " ? Eugène Sue
13%
En Alsace, comment appelle-t-on un bar-restaurant à vin traditionnel ? winstub
12%
Quand on emploie l'éclairage au gaz on se sert de becs .... (du nom de son inventeur) Auer
7%
Résine aramide résistante et légère, utilisée sous forme de fibres dans certains matériaux composites kevlar
5%
Quel adjectif caractérise un chou dont la tête à la forme d'une pomme ? cabus
4%
Aucun quiz correspondant
Distribution des résultats
% des personnes avec chaque résultat
Percentile par nombre de réponses
Votre historique - résultats
Vous n’avez pas pris ce quiz